Greek Equivalents of Planet Namesakes - Statistics

General Stats
  • This quiz has been taken 18 times
  • The average score is 5 of 7
Answer Stats
Hint Answer % Correct
Mercury Hermes
94%
Jupiter Zeus
94%
Mars Ares
88%
Venus Aphrodite
76%
Neptune Poseidon
76%
Saturn Cronus
65%
Uranus Caelus
12%
No matching quizzes found
Score Distribution
Percent of People with Each Score
Percentile by Number Answered
Your Score History
You have not taken this quiz